000 00534nam a2200169 4500
001 136888
003 ES-MaACL
005 20230906195245.0
007 t|
008 070214s1969 sp r ||||1| spa d
100 1 _aSainz Martínez de Bujanda, Luis.
_9101600
245 1 0 _aMallorca turística 1969 /
_cLuis Sainz M. de Bujanda, Manuel Alvarez de Sotomayor.
260 _aPalma :
_bJorvich,
_c1969.
300 _a450 p. :
_bil. ;
_c24 cm.
700 1 _aAlvarez de Sotomayor, Manuel.
_920777
852 _aES-MaACL
_jC-45533
_bR.69050
999 _c136888
_d136888